000 00451nam a2200181Ia 4500
001 14078
005 20260306164848.0
008 260306t2007||||xx |||||||||||||| ||spa||
041 _aESP
082 _a006.32
_bB59 2007
100 _aBishop, Christopher M.
_eAUT
245 0 _aNeural networks for pattern recognition
260 _c2007
300 _axvii, 482 páginas :
_c23 cm.
650 _aGEN
654 _aCCC
942 _cLIB
_dJUS
_fJUS
_2ddc
_n
999 _c14078
_d14078